| 000 | 01448nam a22001577a 4500 | ||
|---|---|---|---|
| 008 | 120201t xxu||||| |||| 00| 0 eng d | ||
| 020 | _a9788171945504 8171945503 | ||
| 050 | _aHD31.V44 | ||
| 100 | _aVasishth, Neeru | ||
| 245 |
_aTaxmann's principles of management with case studies / _cNeeru Vasishth |
||
| 250 | _a3rd ed. | ||
| 260 |
_aNew Delhi : _bTaxmann Publications , _c 2010. |
||
| 300 |
_a700 + various pagings: _c24cm. |
||
| 505 | _aContents: Management: Concept and nature -- Development of management thought -- Management theories of some famous management thinkers -- Planning function -- Goals and plans -- Management by objectives -- Strategic planning and environmental analysis -- Growth strategies -- Decision making -- Organizing : Nature, process and importance -- Formal and informal organization -- Types of organizations -- Authority responsibility relationships -- Line and staff relationships -- Departmentation -- Delegation and decentralization -- Coordination -- Conflict management -- Staffing - meaning, nature and process -- Recruitment and selection -- Training and development -- Performance appraisal -- Direction and supervision -- Motivation -- Leadership -- Communication -- Control - concept and process -- Techniques of control -- Management of strategic change -- Corporate culture -- Organization development -- Social responsibilites of business -- Corporate governance -- Case study. | ||
| 942 |
_2lcc _cBK |
||
| 999 |
_c555 _d8055 |
||